[Event "Bunratty Classic 2015"]
[Site "Bunratty IRL"]
[Date "2015.02.20"]
[Round "4.5"]
[White "Williams, Simon"]
[Black "Collins, Sam"]
[Result "0-1"]
[WhiteTitle "GM"]
[BlackTitle "IM"]
[WhiteElo "2434"]
[BlackElo "2488"]
[BlackICU "2477"]
[BlackClub "Gonzaga"]
[WhiteNationality "ENG"]
[BlackNationality "IRL"]
[WhiteFideId "404454"]
[BlackFideId "2501198"]
[BlackICUId "4564"]
[PlyCount "92"]
[FIDETournamentId "105401"]
[EventDate "2015.02.18"]
[Source "Live boards"]

{ Source: Live boards. } { Reference: <a
href="http://www.irlchess.com/bunrattyclassic2015_allfiles/pairings_bunrattyclassic2015.html">Tournament
report</a>. }

1. e4 e5 2. f4 d5 3. exd5 exf4 4. Nf3 Nf6 5. Bc4 Nxd5 6. Nc3 Be6 7. Qe2 Be7
8. Nd4 Nxc3 9. dxc3 Bxc4 10. Qxc4 Bh4+ 11. g3 fxg3 12. hxg3 Bxg3+ 13. Ke2
Nc6 14. Nxc6 bxc6 15. Qxc6+ Kf8 16. Be3 Qe8 17. Qc4 Qe6 18. Qxe6 fxe6 19.
Rad1 Bd6 20. c4 Ke7 21. Bg5+ Ke8 22. Rh4 h6 23. Be3 Ke7 24. Bd4 g5 25. Rh5
e5 26. Be3 Kf7 27. Rdh1 Kg7 28. Kd3 Be7 29. Ke4 Kg6 30. b4 a6 31. a4 c6 32.
c3 Bf6 33. Bb6 Bg7 34. R5h2 Raf8 35. Be3 h5 36. b5 cxb5 37. cxb5 Rc8 38.
Bxg5 Kxg5 39. Rg2+ Kh6 40. Rhg1 Rhg8 41. Rg6+ Kh7 42. R6g5 axb5 43. Rxh5+
Bh6 44. Rxg8 Rxg8 45. axb5 Rc8 46. Kxe5 Rc5+ 0-1

[Event "Bunratty Classic 2015"]
[Site "Bunratty IRL"]
[Date "2015.02.20"]
[Round "5.2"]
[White "Collins, Sam"]
[Black "D'Costa, Lorin"]
[Result "1/2-1/2"]
[WhiteTitle "IM"]
[BlackTitle "IM"]
[WhiteElo "2488"]
[BlackElo "2430"]
[WhiteICU "2477"]
[WhiteClub "Gonzaga"]
[WhiteNationality "IRL"]
[BlackNationality "ENG"]
[WhiteFideId "2501198"]
[BlackFideId "409219"]
[WhiteICUId "4564"]
[PlyCount "69"]
[FIDETournamentId "105401"]
[EventDate "2015.02.18"]
[Source "Live boards"]

{ Source: Live boards. } { Reference: <a
href="http://www.irlchess.com/bunrattyclassic2015_allfiles/pairings_bunrattyclassic2015.html">Tournament
report</a>. }

1. e4 c6 2. Nc3 d5 3. Nf3 Bg4 4. h3 Bxf3 5. Qxf3 Nf6 6. d4 dxe4 7. Qe3 Nbd7
8. Nxe4 e6 9. c3 Nxe4 10. Qxe4 g6 11. Bc4 Bg7 12. O-O O-O 13. Rd1 Nf6 14.
Qh4 Nd5 15. Qxd8 Rfxd8 16. Re1 b5 17. Bb3 a5 18. Bg5 Rd7 19. a3 h6 20. Bd2
Rb8 21. Rac1 Nb6 22. Bd1 Nc4 23. Bf4 Rbd8 24. Rb1 g5 25. Bg3 Rc8 26. Bg4
Kf8 27. Red1 Ke7 28. Be2 a4 29. h4 c5 30. hxg5 hxg5 31. dxc5 Rxc5 32. Rxd7+
Kxd7 33. f3 Rd5 34. Be1 Bf8 35. Bxc4 1/2-1/2

[Event "Bunratty Classic 2015"]
[Site "Bunratty IRL"]
[Date "2015.02.20"]
[Round "5.3"]
[White "Hunt, Adam"]
[Black "Thorfinnsson, Bragi"]
[Result "1/2-1/2"]
[WhiteTitle "IM"]
[BlackTitle "IM"]
[WhiteElo "2428"]
[BlackElo "2432"]
[WhiteNationality "ENG"]
[BlackNationality "ISL"]
[WhiteFideId "403970"]
[BlackFideId "2300958"]
[PlyCount "44"]
[FIDETournamentId "105401"]
[EventDate "2015.02.18"]
[Source "Live boards"]
[BlackFullName "&#222;orfinnsson, Bragi"]

{ Source: Live boards. } { Reference: <a
href="http://www.irlchess.com/bunrattyclassic2015_allfiles/pairings_bunrattyclassic2015.html">Tournament
report</a>. }

1. e4 e5 2. Nf3 Nc6 3. Bb5 Nge7 4. O-O d6 5. c3 Bd7 6. d4 Ng6 7. d5 Nb8 8.
Bxd7+ Nxd7 9. c4 Be7 10. Nc3 h6 11. g3 O-O 12. Be3 Nf6 13. Ne1 Qd7 14. f3
Nh7 15. Nd3 f5 16. exf5 Rxf5 17. Ne4 Raf8 18. Qe2 Bg5 19. Nxg5 Nxg5 20.
Bxg5 Rxg5 21. Kh1 Rgf5 22. Kg2 Rg5 1/2-1/2

[Event "Bunratty Classic 2015"]
[Site "Bunratty IRL"]
[Date "2015.02.20"]
[Round "5.4"]
[White "Galego, Luis"]
[Black "Tan, Justin"]
[Result "1/2-1/2"]
[WhiteTitle "GM"]
[BlackTitle "FM"]
[WhiteElo "2461"]
[BlackElo "2383"]
[WhiteNationality "POR"]
[BlackNationality "AUS"]
[WhiteFideId "1900072"]
[BlackFideId "3206882"]
[PlyCount "36"]
[FIDETournamentId "105401"]
[EventDate "2015.02.18"]
[Source "Live boards"]
[WhiteFullName "Galego, Lu&iacute;s"]

{ Source: Live boards. } { Reference: <a
href="http://www.irlchess.com/bunrattyclassic2015_allfiles/pairings_bunrattyclassic2015.html">Tournament
report</a>. }

1. c4 c6 2. Nf3 d5 3. e3 Nf6 4. Nc3 Nbd7 5. cxd5 cxd5 6. d4 e6 7. Bd3 Be7
8. Qc2 a6 9. O-O b5 10. a4 b4 11. Ne2 a5 12. Ng3 Ba6 13. Bxa6 Rxa6 14. Bd2
O-O 15. Rac1 Bd6 16. Qd3 Qa8 17. Rc2 Rc8 18. Rfc1 Rac6 1/2-1/2

[Event "Bunratty Classic 2015"]
[Site "Bunratty IRL"]
[Date "2015.02.20"]
[Round "5.5"]
[White "Maze, Sebastien"]
[Black "Trent, Lawrence"]
[Result "1/2-1/2"]
[WhiteTitle "GM"]
[BlackTitle "IM"]
[WhiteElo "2585"]
[BlackElo "2470"]
[WhiteNationality "FRA"]
[BlackNationality "ENG"]
[WhiteFideId "613762"]
[BlackFideId "408638"]
[PlyCount "44"]
[FIDETournamentId "105401"]
[EventDate "2015.02.18"]
[Source "Live boards"]
[WhiteFullName "Maz&eacute;, S&eacute;bastien"]

{ Source: Live boards. } { Reference: <a
href="http://www.irlchess.com/bunrattyclassic2015_allfiles/pairings_bunrattyclassic2015.html">Tournament
report</a>. }

1. e4 e5 2. Nf3 Nc6 3. Bb5 a6 4. Bxc6 dxc6 5. O-O f6 6. d4 Bg4 7. dxe5 Qxd1
8. Rxd1 fxe5 9. Nbd2 O-O-O 10. Re1 Re8 11. h3 Bh5 12. b3 Bb4 13. g4 Bf7 14.
Bb2 Nf6 15. Rad1 Nd7 16. a3 Bd6 17. Ng5 Re7 18. Nxf7 Rxf7 19. Nc4 Bc5 20.
Re2 Re8 21. Kg2 b5 22. Rxd7 Rxd7 1/2-1/2

[Event "Bunratty Classic 2015"]
[Site "Bunratty IRL"]
[Date "2015.02.21"]
[Round "6.1"]
[White "Maze, Sebastien"]
[Black "Thorfinnsson, Bjorn"]
[Result "0-1"]
[WhiteTitle "GM"]
[BlackTitle "IM"]
[WhiteElo "2585"]
[BlackElo "2373"]
[WhiteNationality "FRA"]
[BlackNationality "ISL"]
[WhiteFideId "613762"]
[BlackFideId "2300982"]
[PlyCount "84"]
[FIDETournamentId "105401"]
[EventDate "2015.02.18"]
[Source "Live boards"]
[WhiteFullName "Maz&eacute;, S&eacute;bastien"]
[BlackFullName "&#222;orfinnsson, Bj&ouml;rn"]

{ Source: Live boards. } { Reference: <a
href="http://www.irlchess.com/bunrattyclassic2015_allfiles/pairings_bunrattyclassic2015.html">Tournament
report</a>. }

1. e4 e5 2. Nf3 Nc6 3. Nc3 Nf6 4. Bb5 Bb4 5. O-O O-O 6. d3 d6 7. Re1 h6 8.
h3 a6 9. Bxc6 bxc6 10. d4 exd4 11. Qxd4 c5 12. Qd3 Bb7 13. Bd2 Re8 14. e5
dxe5 15. Nxe5 Qd4 16. Qxd4 cxd4 17. Nb1 Bf8 18. Nd3 Be4 19. Ba5 Rab8 20. b3
Rb5 21. Bd2 Rb6 22. f3 Bxd3 23. Rxe8 Nxe8 24. cxd3 Rc6 25. b4 Rc2 26. Kf1
Nf6 27. Ke1 Nd5 28. Kd1 Rc6 29. a3 Rb6 30. Bc1 f5 31. g4 g6 32. Ra2 c5 33.
Rc2 a5 34. Bd2 axb4 35. axb4 cxb4 36. Rc8 Kf7 37. Kc2 Nc3 38. Rc7+ Ke6 39.
Be1 b3+ 40. Kb2 Na4+ 41. Kc1 Nc5 42. Rc8 Bd6 0-1

[Event "Bunratty Classic 2015"]
[Site "Bunratty IRL"]
[Date "2015.02.21"]
[Round "6.2"]
[White "Trent, Lawrence"]
[Black "Galego, Luis"]
[Result "1-0"]
[WhiteTitle "IM"]
[BlackTitle "GM"]
[WhiteElo "2470"]
[BlackElo "2461"]
[WhiteNationality "ENG"]
[BlackNationality "POR"]
[WhiteFideId "408638"]
[BlackFideId "1900072"]
[PlyCount "113"]
[FIDETournamentId "105401"]
[EventDate "2015.02.18"]
[Source "Live boards"]
[BlackFullName "Galego, Lu&iacute;s"]

{ Source: Live boards. } { Reference: <a
href="http://www.irlchess.com/bunrattyclassic2015_allfiles/pairings_bunrattyclassic2015.html">Tournament
report</a>. }

1. e4 d6 2. Nc3 e5 3. Nf3 Bg4 4. h3 Bxf3 5. Qxf3 c6 6. Bc4 Qf6 7. Qe2 Ne7
8. d3 Ng6 9. g3 h5 10. h4 Qd8 11. Bg5 Be7 12. Qf3 Bf6 13. a4 Nd7 14. a5 a6
15. Nd1 Ngf8 16. Ne3 g6 17. g4 Ne6 18. Bxe6 fxe6 19. gxh5 Rxh5 20. Nc4 Ke7
21. Bxf6+ Nxf6 22. O-O-O Qh8 23. d4 exd4 24. Rxd4 Rxh4 25. Rhd1 Rh3 26. Qe2
Qh6+ 27. Kb1 Qh5 28. Qe1 Qc5 29. Nxd6 Rah8 30. Rc4 Qh5 31. Nxb7 Rh1 32.
Qxh1 Qxh1 33. Rxh1 Rxh1+ 34. Ka2 Rf1 35. Rxc6 Rxf2 36. Rc7+ Nd7 37. Nc5 Kd6
38. Rxd7+ Kxc5 39. Re7 Kb5 40. Kb3 Rf6 41. e5 Rf3+ 42. c3 g5 43. Rxe6 Re3
44. Re8 g4 45. Kc2 Kxa5 46. Kd2 Re4 47. Kd3 Re1 48. Kd4 Re2 49. b4+ Ka4 50.
Ra8 Kb3 51. Rxa6 g3 52. Rg6 Rd2+ 53. Kc5 g2 54. e6 Rc2 55. e7 Rxc3+ 56. Kd4
Rc8 57. Rxg2 1-0

[Event "Bunratty Classic 2015"]
[Site "Bunratty IRL"]
[Date "2015.02.21"]
[Round "6.3"]
[White "Tan, Justin"]
[Black "Hunt, Adam"]
[Result "1-0"]
[WhiteTitle "FM"]
[BlackTitle "IM"]
[WhiteElo "2383"]
[BlackElo "2428"]
[WhiteNationality "AUS"]
[BlackNationality "ENG"]
[WhiteFideId "3206882"]
[BlackFideId "403970"]
[PlyCount "127"]
[FIDETournamentId "105401"]
[EventDate "2015.02.18"]
[Source "Live boards"]

{ Source: Live boards. } { Reference: <a
href="http://www.irlchess.com/bunrattyclassic2015_allfiles/pairings_bunrattyclassic2015.html">Tournament
report</a>. }

1. e4 c5 2. Nf3 d6 3. d4 cxd4 4. Nxd4 Nf6 5. Nc3 a6 6. h3 e6 7. g4 d5 8.
Bg2 Bb4 9. O-O Bxc3 10. bxc3 Nxe4 11. Ba3 Nd6 12. Nf5 Nxf5 13. gxf5 Nc6 14.
c4 d4 15. Rb1 Qa5 16. Qd3 Qc3 17. Bxc6+ bxc6 18. Qe4 Qxa3 19. Qxc6+ Ke7 20.
Qxa8 Qxh3 21. Qa7+ Bd7 22. Qc5+ Kf6 23. Qxd4+ e5 24. Qd6+ Be6 25. Rb3 Qxf5
26. Rg3 g5 27. Re1 Rc8 28. c5 h5 29. Kg2 e4 30. c6 Qd5 31. Rd1 Qxc6 32.
Qd4+ Kg6 33. c3 h4 34. Re3 f5 35. Qe5 Kf7 36. Rd6 Qc4 37. Rb6 Qd5 38. Qxd5
Bxd5 39. Rd6 Bxa2 40. Rxa6 Bd5 41. Rd6 Rc5 42. Kg1 Bc6 43. Re1 Rxc3 44. Ra1
Ke7 45. Rg6 Be8 46. Ra7+ Bd7 47. Rg7+ Kf6 48. Rgxd7 Rc5 49. Rh7 Ke5 50.
Rag7 Kf4 51. Rc7 Rb5 52. Kg2 Rb2 53. Rc3 Kg4 54. Re7 h3+ 55. Rxh3 Rxf2+ 56.
Kxf2 Kxh3 57. Rg7 Kg4 58. Ke3 Kh4 59. Rh7+ Kg3 60. Rf7 g4 61. Rxf5 Kh2 62.
Rh5+ Kg2 63. Rg5 g3 64. Kxe4 1-0

[Event "Bunratty Classic 2015"]
[Site "Bunratty IRL"]
[Date "2015.02.21"]
[Round "6.4"]
[White "Thorfinnsson, Bragi"]
[Black "Collins, Sam"]
[Result "1-0"]
[WhiteTitle "IM"]
[BlackTitle "IM"]
[WhiteElo "2432"]
[BlackElo "2488"]
[BlackICU "2477"]
[BlackClub "Gonzaga"]
[WhiteNationality "ISL"]
[BlackNationality "IRL"]
[WhiteFideId "2300958"]
[BlackFideId "2501198"]
[BlackICUId "4564"]
[PlyCount "49"]
[FIDETournamentId "105401"]
[EventDate "2015.02.18"]
[Source "Live boards"]
[WhiteFullName "&#222;orfinnsson, Bragi"]

{ Source: Live boards. } { Reference: <a
href="http://www.irlchess.com/bunrattyclassic2015_allfiles/pairings_bunrattyclassic2015.html">Tournament
report</a>. }

1. Nf3 Nf6 2. g3 d6 3. d4 g6 4. Bg2 Bg7 5. O-O O-O 6. c4 c6 7. Nc3 Qa5 8.
h3 Nbd7 9. e4 e5 10. Re1 exd4 11. Nxd4 Ne5 12. Bf1 Re8 13. Be3 c5 14. Nb3
Qb4 15. Bd2 Qb6 16. Nd5 Qd8 17. Bc3 Nxd5 18. cxd5 f5 19. f4 Nd7 20. exf5
Bxc3 21. bxc3 gxf5 22. Qh5 Rf8 23. Nd2 Qf6 24. Nf3 Qxc3 25. Re7 1-0

[Event "Bunratty Classic 2015"]
[Site "Bunratty IRL"]
[Date "2015.02.21"]
[Round "6.5"]
[White "D'Costa, Lorin"]
[Black "Williams, Simon"]
[Result "1-0"]
[WhiteTitle "IM"]
[BlackTitle "GM"]
[WhiteElo "2430"]
[BlackElo "2434"]
[WhiteNationality "ENG"]
[BlackNationality "ENG"]
[WhiteFideId "409219"]
[BlackFideId "404454"]
[PlyCount "87"]
[FIDETournamentId "105401"]
[EventDate "2015.02.18"]
[Source "Live boards"]

{ Source: Live boards. } { Reference: <a
href="http://www.irlchess.com/bunrattyclassic2015_allfiles/pairings_bunrattyclassic2015.html">Tournament
report</a>. }

1. c4 f5 2. g3 Nf6 3. Bg2 d6 4. Nc3 e5 5. d3 Be7 6. e4 Nc6 7. Nge2 O-O 8.
Nd5 Nb8 9. O-O c6 10. Nxf6+ Bxf6 11. Be3 Na6 12. Qd2 Qe7 13. Rae1 Be6 14.
exf5 Bxf5 15. f4 Qd7 16. d4 e4 17. d5 c5 18. a3 Qa4 19. h3 Qxc4 20. g4 Bd7
21. Ng3 Rae8 22. g5 Bd8 23. Rc1 Qd3 24. Nxe4 Bb5 25. Rfd1 Rxe4 26. Qxd3
Bxd3 27. Rxd3 Re7 28. Bd2 b5 29. Re3 Rxe3 30. Bxe3 c4 31. a4 bxa4 32. Rxc4
Nc5 33. Bxc5 dxc5 34. d6 Bb6 35. Bd5+ Kh8 36. d7 h6 37. h4 hxg5 38. hxg5
Kh7 39. Kg2 Kg6 40. Be6 Rh8 41. Rxa4 Rh4 42. Ra6 Rh8 43. Kg3 Kh7 44. f5 1-0

[Event "Bunratty Classic 2015"]
[Site "Bunratty IRL"]
[Date "2015.02.21"]
[Round "7.1"]
[White "Thorfinnsson, Bjorn"]
[Black "D'Costa, Lorin"]
[Result "1-0"]
[WhiteTitle "IM"]
[BlackTitle "IM"]
[WhiteElo "2373"]
[BlackElo "2430"]
[WhiteNationality "ISL"]
[BlackNationality "ENG"]
[WhiteFideId "2300982"]
[BlackFideId "409219"]
[PlyCount "64"]
[FIDETournamentId "105401"]
[EventDate "2015.02.18"]
[Source "Live boards"]
[WhiteFullName "&#222;orfinnsson, Bj&ouml;rn"]

{ Source: Live boards. } { Reference: <a
href="http://www.irlchess.com/bunrattyclassic2015_allfiles/pairings_bunrattyclassic2015.html">Tournament
report</a>. }

1. Nf3 Nf6 2. c4 e6 3. d4 b6 4. e3 Bb7 5. Bd3 d5 6. cxd5 exd5 7. b3 Nbd7 8.
O-O Bd6 9. Ba3 c5 10. Nc3 O-O 11. Rc1 Re8 12. Bf5 Bf8 13. dxc5 Nxc5 14. b4
Ne6 15. Qb3 g6 16. Bh3 Qe7 17. Bb2 Qxb4 18. Qxb4 Bxb4 19. Nb5 Ba6 20. a4
Ne4 21. Rfd1 N4c5 22. Bxe6 fxe6 23. Nc7 Be2 24. Nxe8 Rxe8 25. Rd4 a5 26.
Ne5 Nb3 27. Rxb4 axb4 28. Rc7 Nc5 29. a5 Na4 30. Bd4 bxa5 31. Nd7 Re7 32.
Rc8+ Kf7 1-0

[Event "Bunratty Classic 2015"]
[Site "Bunratty IRL"]
[Date "2015.02.21"]
[Round "7.3"]
[White "Collins, Sam"]
[Black "Tan, Justin"]
[Result "1/2-1/2"]
[WhiteTitle "IM"]
[BlackTitle "FM"]
[WhiteElo "2488"]
[BlackElo "2383"]
[WhiteICU "2477"]
[WhiteClub "Gonzaga"]
[WhiteNationality "IRL"]
[BlackNationality "AUS"]
[WhiteFideId "2501198"]
[BlackFideId "3206882"]
[WhiteICUId "4564"]
[PlyCount "39"]
[FIDETournamentId "105401"]
[EventDate "2015.02.18"]
[Source "Live boards"]

{ Source: Live boards. } { Reference: <a
href="http://www.irlchess.com/bunrattyclassic2015_allfiles/pairings_bunrattyclassic2015.html">Tournament
report</a>. }

1. e4 e5 2. Nc3 Nc6 3. Nf3 Nf6 4. Bb5 Bc5 5. Bxc6 dxc6 6. h3 O-O 7. O-O Re8
8. d3 a5 9. a4 Nd7 10. Ne2 Nf8 11. Ng3 Ng6 12. Be3 Bd6 13. Qd2 c5 14. Rae1
Be6 15. b3 f6 16. Nh5 Qd7 17. Kh2 Rf8 18. Ng1 f5 19. exf5 Bxf5 20. Ng3
1/2-1/2

[Event "Bunratty Classic 2015"]
[Site "Bunratty IRL"]
[Date "2015.02.21"]
[Round "7.4"]
[White "Hunt, Adam"]
[Black "Trent, Lawrence"]
[Result "1-0"]
[WhiteTitle "IM"]
[BlackTitle "IM"]
[WhiteElo "2428"]
[BlackElo "2470"]
[WhiteNationality "ENG"]
[BlackNationality "ENG"]
[WhiteFideId "403970"]
[BlackFideId "408638"]
[PlyCount "122"]
[FIDETournamentId "105401"]
[EventDate "2015.02.18"]
[Source "Live boards"]

{ Source: Live boards. } { Reference: <a
href="http://www.irlchess.com/bunrattyclassic2015_allfiles/pairings_bunrattyclassic2015.html">Tournament
report</a>. }

1. e4 e5 2. Nf3 Nc6 3. Bb5 a6 4. Ba4 Nf6 5. O-O b5 6. Bb3 Bc5 7. c3 d6 8.
d4 Bb6 9. a4 Rb8 10. a5 Ba7 11. Be3 Bg4 12. Nbd2 exd4 13. cxd4 O-O 14. Qc2
Nb4 15. Qc3 c5 16. dxc5 dxc5 17. Bg5 h6 18. Bh4 g5 19. Nxg5 hxg5 20. Bxg5
Nfd5 21. exd5 Qxg5 22. Ne4 Qg7 23. Nf6+ Kh8 24. Nxg4 Qxc3 25. bxc3 Nd3 26.
Rad1 c4 27. Bc2 f5 28. Bxd3 fxg4 29. Be2 Rf4 30. g3 Re4 31. Rd2 Rd8 32. Kg2
Bb8 33. h3 Be5 34. Rc1 b4 35. cxb4 c3 36. Ra2 Rxb4 37. Bxa6 gxh3+ 38. Kxh3
Rxd5 39. f4 Bf6 40. Bf1 Rb2 41. Ra4 Rd4 42. Ra3 Rd7 43. a6 Bd4 44. Ra4 Rf2
45. Bb5 Rh7+ 46. Kg4 Rd2 47. Bc6 Rg7+ 48. Kf5 Rf7+ 49. Kg4 Rg7+ 50. Kf3 Bf2
51. g4 Rh7 52. g5 Ba7 53. g6 Rh4 54. Ke4 Rf2 55. Kf5 c2 56. Rc4 Kg7 57. Be8
Be3 58. R1xc2 Rxc2 59. Rxc2 Rxf4+ 60. Ke5 Kf8 61. a7 Bxa7 1-0

[Event "Bunratty Classic 2015"]
[Site "Bunratty IRL"]
[Date "2015.02.22"]
[Round "8.2"]
[White "Maze, Sebastien"]
[Black "Hunt, Adam"]
[Result "1/2-1/2"]
[WhiteTitle "GM"]
[BlackTitle "IM"]
[WhiteElo "2585"]
[BlackElo "2428"]
[WhiteNationality "FRA"]
[BlackNationality "ENG"]
[WhiteFideId "613762"]
[BlackFideId "403970"]
[PlyCount "50"]
[FIDETournamentId "105401"]
[EventDate "2015.02.18"]
[Source "Live boards"]
[WhiteFullName "Maz&eacute;, S&eacute;bastien"]

{ Source: Live boards. } { Reference: <a
href="http://www.irlchess.com/bunrattyclassic2015_allfiles/pairings_bunrattyclassic2015.html">Tournament
report</a>. }

1. e4 c5 2. Nf3 e6 3. d4 cxd4 4. Nxd4 a6 5. Nc3 Qc7 6. Be3 Nf6 7. Bd3 d6 8.
O-O Nbd7 9. f4 b5 10. a3 Bb7 11. Qf3 g6 12. Rad1 Nc5 13. Rfe1 Nxd3 14. Rxd3
Be7 15. Bf2 d5 16. exd5 Nxd5 17. Nxd5 Bxd5 18. Qg3 O-O 19. f5 Qxg3 20. hxg3
gxf5 21. Nxf5 Bf6 22. Bd4 Bg5 23. Be3 Bf6 24. Bd4 Bg5 25. Be3 Bf6 1/2-1/2

[Event "Bunratty Classic 2015"]
[Site "Bunratty IRL"]
[Date "2015.02.22"]
[Round "9.2"]
[White "Galego, Luis"]
[Black "Collins, Sam"]
[Result "1/2-1/2"]
[WhiteTitle "GM"]
[BlackTitle "IM"]
[WhiteElo "2461"]
[BlackElo "2488"]
[BlackICU "2477"]
[BlackClub "Gonzaga"]
[WhiteNationality "POR"]
[BlackNationality "IRL"]
[WhiteFideId "1900072"]
[BlackFideId "2501198"]
[BlackICUId "4564"]
[PlyCount "22"]
[FIDETournamentId "105401"]
[EventDate "2015.02.18"]
[Source "Live boards"]
[WhiteFullName "Galego, Lu&iacute;s"]

{ Source: Live boards. } { Reference: <a
href="http://www.irlchess.com/bunrattyclassic2015_allfiles/pairings_bunrattyclassic2015.html">Tournament
report</a>. }

1. e4 e5 2. Nf3 Nc6 3. Nc3 Nf6 4. g3 Bc5 5. Bg2 d6 6. O-O Nd4 7. Nxd4 Bxd4
8. d3 c6 9. h3 Be6 10. Kh2 h5 11. Be3 Bxe3 1/2-1/2

[Event "Bunratty Classic 2015"]
[Site "Bunratty IRL"]
[Date "2015.02.22"]
[Round "9.3"]
[White "Maze, Sebastien"]
[Black "Williams, Simon"]
[Result "0-1"]
[WhiteTitle "GM"]
[BlackTitle "GM"]
[WhiteElo "2585"]
[BlackElo "2434"]
[WhiteNationality "FRA"]
[BlackNationality "ENG"]
[WhiteFideId "613762"]
[BlackFideId "404454"]
[PlyCount "56"]
[FIDETournamentId "105401"]
[EventDate "2015.02.18"]
[Source "Live boards"]
[WhiteFullName "Maz&eacute;, S&eacute;bastien"]

{ Source: Live boards. } { Reference: <a
href="http://www.irlchess.com/bunrattyclassic2015_allfiles/pairings_bunrattyclassic2015.html">Tournament
report</a>. }

1. e4 c5 2. Nf3 d6 3. Bb5+ Nc6 4. O-O Bd7 5. Re1 Nf6 6. c3 a6 7. Bf1 e5 8.
h3 g5 9. d4 g4 10. hxg4 Bxg4 11. dxe5 Nxe5 12. Be2 Bxf3 13. Bxf3 Rg8 14.
Bf4 Nfd7 15. Be2 Qh4 16. Qd2 Be7 17. Qe3 Bg5 18. Bxg5 Rxg5 19. Nd2 O-O-O
20. g3 Rdg8 21. Kg2 Ng6 22. Rg1 Nf4+ 23. Kf1 Qh3+ 24. Ke1 Ng2+ 25. Rxg2
Qxg2 26. Bf1 Qh1 27. Nf3 Rg4 28. Kd2 Re8 0-1